| 000 | 00968nam a2200241 4500 | ||
|---|---|---|---|
| 001 | 39258 | ||
| 003 | BD-RjUL | ||
| 005 | 20211209052943.0 | ||
| 008 | 160406s1995 bg ||||e |||| 00| 0 ben d | ||
| 020 |
_a984073209x _c: TK 80.00 |
||
| 035 | _a(BD-RjUL) | ||
| 040 |
_aBD-RjUL _bben _cBD-RjUL |
||
| 041 | _aben | ||
| 082 |
_223 _a520.12 _bBOM 1995 |
||
| 100 |
_aবড়ুয়া, সুব্রত _9120480 |
||
| 245 | 1 | 0 |
_aমোহাম্মাদ আবদুল জব্বার জীবন ও কর্ম / _cসুব্রত বড়ুয়া | |
| 260 |
_aঢাকা : _bবাংলা একাডেমী, _c১৯৯৫ |
||
| 300 |
_a[৬], ১৫০ পৃ.; _c২২ সেমি. |
||
| 504 | _aতথ্যপঞ্জি সম্বলিত | ||
| 650 |
_aজ্যোতিবিজ্ঞানী _zবাংলাদেশ _vজীবনী _9120522 |
||
| 650 |
_aAstronomers _zBangladesh _vBiography _9120523 |
||
| 942 |
_2ddc _cBK |
||
| 999 |
_c39258 _d39258 |
||